Statistiken für Fußballspieler nach Land

Klicken Sie hier um das Quiz zu spielen!

Allgemein

  • Dieses Quiz wurde 40.206 mal gespielt
    (13.013 seit der letzten Aktualisierung)
  • Das Durchschnittsergebnis liegt bei 24 aus 30

Antwortstatistiken

SpielerLand% Korrekt
Gerd MüllerDeutschland
100%
Lionel MessiArgentinien
99%
Robert LewandowskiPolen
98%
PeléBrasilien
97%
Wayne RooneyEngland
97%
Cristiano RonaldoPortugal
95%
Zlatan IbrahimovicSchweden
93%
Kevin De BruyneBelgien
92%
Gareth BaleWales
91%
Thierry HenryFrankreich
90%
Erling HaalandNorwegen
89%
Roberto BaggioItalien
86%
Johan CruyffNiederlande
85%
Kim Min-jaeSüdkorea
84%
Mohamed SalahÄgypten
83%
David VillaSpanien
83%
Andrij SchewtschenkoUkraine
81%
Edinson CavaniUruguay
81%
Alphonso DaviesKanada
79%
Christian PulisicVereinigte Staaten
79%
Sadio ManéSenegal
78%
Didier DrogbaElfenbeinküste
76%
James RodríguezKolumbien
76%
Robbie KeaneIrland
74%
Ferenc PuskásUngarn
71%
Pavel NedvědTschechien
69%
George BestNordirland
64%
Samuel Eto'oKamerun
61%
Chwitscha KwarazcheliaGeorgien
55%
George WeahLiberia
37%

Verteilung der Resultate

Perzentil nach korrekt beantworteten Fragen

Anzahl Personen mit jedem Resultat

Ihre Resultats-Entwicklung

Sie haben dieses Quiz seit der letzten Aktualisierung nicht gespielt